Responses for show #7812 - Tuesday, July 24, 2018

Contestants

[<< previous game]

Tara O'Byrne, a senior advisor on aviation security from Ottawa, Ontario, Canada

Beth Schoenbach, a communications director from Washington, D.C.

Dave Mattingly, a director of technology from Old Forge, Pennsylvania (whose 2-day cash winnings total $48,800)

[next game >>]

Jeopardy! Round responses

IT'S ABOUT THE MONEY
BIBLE BOOK ABBREVIATIONS
2-TERM CABINET OFFICERS
THIS IS ONLY A TEST
CELEBRITY MEMOIRS
MEATY LANGUAGE
    $200 25
interest

Tara
    $200 11
Judges

Dave
    $200 24
Secretary of State

Dave
    $200 10
a screen test

Beth
    $200 26
Carol Burnett

Dave
    $200 6
bacon

Tara
    $400 16
liquid

Dave
    $400 12
Leviticus

Beth
    $400 20
Secretary of the Interior

Dave
    $400 1
a midterm

Beth
    $400 27
Total Recall

Triple Stumper
    $400 5
pork

Beth
    $600 17
cash back (or rebate)

Dave
    $600 13
Acts

Tara
    $600 21
one

Dave
    $600 2
IQ

Dave
    $600 28
(Judi) Dench

Dave
    $600 7
a chicken with his head cut off

Dave
    $800 18
bullion

Dave
    $800 14
the Galatians

Dave
    $800 22
the Mormon church

Triple Stumper
    $800 3
an electrocardiogram

Dave
    $800 29
Nesmith

Tara
    $800 8
a set of steak knives

Dave
    $1000 19
an endowment

Dave
    $1000 15
Nehemiah

Dave
    $4,000 23
the Navy

Dave
    $1000 4
lichen

Dave
    $1000 30
Michael Caine

Tara
    $1000 9
nor fowl

Tara

Scores at the first commercial break (after clue 15):

Dave Beth Tara
$5,800 $1,400 $1,800

Scores at the end of the Jeopardy! Round:

Dave Beth Tara
$14,600 $1,400 $3,800

Double Jeopardy! Round responses

WRITERS OF COLONIAL AMERICA
A HALL OF FAME INFIELD
NEO GEO
ENDS IN "FF"
A RATIO
HORN BLOWER
    $400 13
Virginia

Triple Stumper
    $400 28
(Frank) Chance

Dave
    $400 16
Colombia

Triple Stumper
    $400 1
snuff

Beth
    $400 29
pi

Dave
    $400 30
Saving Private Ryan

Dave
    $800 14
Maine

Beth
    $800 12
(Beth: What is a helmet?)
(Alex: Be more--)
(Beth: [*].)

a batting helmet

Beth
    $800 17
Indonesia

Tara
    $800 2
a tariff

Tara
    $800 6
the gear ratio

Triple Stumper
    $800 8
an Alpine horn

Dave
    $1200 15
(Dave: Who is Penn?)

Roger Williams

Dave
Triple Stumper
    $1200 21
Yellowstone

Triple Stumper
    $2,000 18
Zambia and Zimbabwe

Tara
    $1200 3
(Beth: What is a mastiff?)

a bullmastiff

Beth
Triple Stumper
    $4,000 7
pressure

Dave
    $1200 9
The Roots

Dave
    $1600 26
King Philip

Triple Stumper
    $1600 22
Chipper (Jones)

Dave
    $1600 19
Pakistan

Tara
    $1600 4
a skiff

Tara
    $1600 24
(Dave: What is momentum?)

friction

Dave
Triple Stumper
    $1600 10
(Tara: What is a trombone?)

the cornet

Tara
Triple Stumper
    $2000 27
Anne Bradstreet

Triple Stumper
    $2000 23
Mazeroski

Dave
    $2000 20
gold

Dave
    $2000 5
a hippogriff

Dave
    $2000 25
(Beth: What is strength?)

strain

Beth
Triple Stumper
    $2000 11
Dizzy Gillespie

Dave

Scores at the end of the Double Jeopardy! Round:

Dave Beth Tara
$28,600 $200 $9,000
(lock game)

[wagering suggestions for these scores]

Final Jeopardy! Round responses

FASHION
(Alex: And it was named for the atoll in the Pacific where they conducted bomb tests.)
BethWhat is a bikini?
$199
TaraWhat is
$0
DaveWhat is the Bikini?
$0
a bikini

Final scores:

Dave Beth Tara
$28,600 $399 $9,000
3-day champion: $77,400 3rd place: $1,000 2nd place: $2,000

Game dynamics:

Coryat scores:

Dave Beth Tara
$22,800 $200 $8,200
29 R
(including 2 DDs),
2 W
7 R,
2 W
11 R
(including 1 DD),
1 W

Combined Coryat: $31,200

The J! Archive is created by fans, for fans. The Jeopardy! game show and all elements thereof, including but not limited to copyright and trademark thereto, are the property of Jeopardy Productions, Inc. and are protected under law. This website is not affiliated with, sponsored by, or operated by Jeopardy Productions, Inc. Join the discussion at JBoard.tv.